Musical Acts by State - New York (State) - Statistics

General Stats
  • This quiz has been taken 101 times
  • The average score is 16 of 30
Answer Stats
City/Town/Borough Songs Answer % Correct
Manhattan (NY) Poker Face | Bad Romance Lady Gaga
96%
Brooklyn (NY) 99 Problems | Empire State Of Mind Jay-Z
94%
Queens (NY) In Da Club | Candy Shop 50 Cent
92%
Bronx (NY) / Hicksville We Didn't Start The Fire | Uptown Girl Billy Joel
92%
Queens (NY) The Sound Of Silence | Mrs. Robinson Simon & Garfunkel
88%
Bronx (NY) Jenny From The Block | On The Floor Jennifer Lopez
85%
Brooklyn (NY) Sweet Caroline | Cracklin' Rosie Neil Diamond
84%
Queens (NY) Blitzkrieg Bop | I Wanna Be Sedated Ramones
82%
Buffalo Iris | Slide Goo Goo Dolls
80%
Manhattan (NY) Fallin' | Girl On Fire Alicia Keys
78%
Manhattan (NY) I Was Made For Lovin' You | Detroit Rock City Kiss
78%
Buffalo Super Freak | Mary Jane Rick James
72%
Manhattan (NY) / Lake Placid Summertime Sadness | Video Games Lana Del Rey
65%
Brooklyn (NY) Hypnotize | Juicy The Notorious B.I.G.
64%
Queens (NY) It's Like That | It's Tricky Run-DMC
60%
Huntington We Belong Together | Always Be My Baby Mariah Carey
59%
Brooklyn (NY) / Freeport Walk On the Wild Side | Perfect Day Lou Reed
53%
Manhattan (NY) / Mount Vernon I'll Be Missing You | Come With Me Sean Combs (Puff Daddy...)
51%
Bronx (NY) Family Affair | Be Without You Mary J. Blige
42%
Queens (NY) I Left My Heart In San Francisco | Body And Soul Tony Bennett
40%
Geneva Stereo Hearts | Cupid's Chokehold Gym Class Heroes
39%
Ithaca Renegades | Unsteady X Ambassadors
35%
Buffalo Just The Two Of Us | Mister Magic Grover Washington Jr.
27%
Staten Island (NY) Diamonds And Rust | The Night They Drove Old Dixie Down Joan Baez
21%
Jamestown Kind And Generous | Carnival Natalie Merchant
11%
Oneonta Mr. Bojangles | Up Against The Wall Redneck Mother Jerry Jeff Walker
6%
Auburn Warriors Of The World | Kings Of Metal Manowar
6%
Rochester It's A Trip! | Tongues Joywave
4%
New Hartford Drive | Dust Bowl Joe Bonamassa
2%
Albany Really? | Thrashville Prince Daddy & the Hyena
2%
No matching quizzes found
Score Distribution
Percent of People with Each Score
Percentile by Number Answered
Your Score History
You have not taken this quiz